[Event "Olimpiade 2014 - Open"]
[Site "Tromsø"]
[Date "11.08.2014"]
[Round "9.25"]
[Board "2"]
[White "Gemy, Jose Daniel"]
[Black "Rozentalis, Eduardas"]
[Result "0-1"]
[WhiteTitle "IM"]
[BlackTitle "GM"]
[WhiteElo "2332"]
[BlackElo "2606"]
[WhiteTeam "Bolivia"]
[BlackTeam "Lithuania"]
[WhiteFideId "3301478"]
[BlackFideId "12800023"]
[EventDate "2014.08.02"]

1. d4 Nf6 2. c4 e6 3. Nf3 Bb4+ 4. Bd2 c5 5. a3 Bxd2+ 6. Nbxd2 cxd4 7. Nxd4 O-O
8. e3 d5 9. cxd5 Nxd5 10. Rc1 e5 11. Nb5 Nc6 12. Bc4 Nb6 13. O-O Bf5 14. Be2 Qe7
15. Nc4 Rfd8 16. Qe1 Nxc4 17. Bxc4 Rac8 18. Nc3 Qg5 19. Qe2 e4 20. f4 exf3 21.
Qxf3 g6 22. Bxf7+ Kxf7 23. e4 Nd4 24. Qh3 Kg7 25. exf5 Nxf5 26. Rcd1 h5 27. Qf3
Qe3+ 28. Qxe3 Nxe3 29. Rxd8 Rxd8 30. Re1 Rd3 31. h3 Kh6 32. a4 a5 33. Kf2 Nc4
34. Rd1 Nxb2 35. Rxd3 Nxd3+ 36. Ke3 Nb2 37. h4 Kg7 38. Ke4 Kf6 39. g3 Ke6 40.
Kf4 Kf6 41. Nd5+ Kf7 42. Nc3 Nc4 43. Ne4 b6 44. Kg5 Ne5 45. Nc3 Nf3+ 46. Kf4 Nd4
47. Nd5 b5 48. Ke5 Nc6+ 49. Kd6 bxa4 50. Kxc6 Ke6 51. Ne3 a3 52. Kc5 a2 53. Nc2
Kf5 54. Kd5 Kg4 55. Ke5 Kxg3 56. Kf6 Kxh4 57. Kxg6 Kg4 58. Ne3+ Kf3 0-1

[Event "Olimpiade 2014 - Open"]
[Site "Tromsø"]
[Date "11.08.2014"]
[Round "9.25"]
[Board "3"]
[White "Laurusas, Tomas"]
[Black "Cueto, Jonny"]
[Result "1-0"]
[WhiteTitle "IM"]
[BlackTitle "IM"]
[WhiteElo "2435"]
[BlackElo "2283"]
[WhiteTeam "Lithuania"]
[BlackTeam "Bolivia"]
[WhiteFideId "12803731"]
[BlackFideId "3300145"]
[EventDate "2014.08.02"]

1. c4 e5 2. Nc3 Bb4 3. Qb3 Nc6 4. e3 Nf6 5. a3 Be7 6. g3 O-O 7. Bg2 d6 8. Nge2
Bd7 9. O-O Rb8 10. Qc2 Qc8 11. Re1 Bh3 12. Bh1 Qg4 13. d4 Rfe8 14. d5 Na5 15. b3
a6 16. Bd2 c5 17. Nd1 Bd8 18. f3 Qg6 19. e4 b5 20. Nf2 Bd7 21. Reb1 bxc4 22.
bxc4 Bc7 23. Bg2 h5 24. Bh3 Bxh3 25. Nxh3 h4 26. Nf2 hxg3 27. hxg3 Nh5 28. g4
Nf4 29. Nxf4 exf4 30. Qa4 f5 31. Bxa5 Bxa5 32. Qxa5 fxe4 33. Rxb8 Rxb8 34. Nxe4
Rb2 35. Qd8+ Kh7 36. Qxd6 1-0

[Event "Olimpiade 2014 - Open"]
[Site "Tromsø"]
[Date "11.08.2014"]
[Round "9.25"]
[Board "4"]
[White "Caceres, Diego"]
[Black "Beinoras, Mindaugas"]
[Result "0-1"]
[BlackTitle "IM"]
[WhiteElo "2128"]
[BlackElo "2402"]
[WhiteTeam "Bolivia"]
[BlackTeam "Lithuania"]
[WhiteFideId "3301168"]
[BlackFideId "12802085"]
[EventDate "2014.08.02"]

1. d4 Nf6 2. Bg5 c5 3. Nc3 d5 4. Bxf6 gxf6 5. e4 dxe4 6. d5 f5 7. f3 exf3 8.
Qxf3 Bg7 9. Bb5+ Nd7 10. Qxf5 a6 11. Bxd7+ Bxd7 12. Qf3 O-O 13. Nge2 Qb6 14. O-O
Qxb2 15. Rab1 Qxc2 16. Rxb7 Rad8 17. Ne4 Bb5 18. N4g3 Qxa2 19. Rxe7 Qxd5 20. Qg4
Rd6 21. Nh5 Rg6 22. Qh3 Be5 23. Rexf7 Rxg2+ 24. Qxg2+ Qxg2+ 25. Kxg2 Rxf7 26.
Rxf7 Kxf7 27. Nhf4 a5 28. Kf3 Bxf4 29. Nxf4 a4 0-1

[Event "Olimpiade 2014 - Open"]
[Site "Tromsø"]
[Date "11.08.2014"]
[Round "9.26"]
[Board "1"]
[White "Lim, Yee-Weng"]
[Black "Amonatov, Farrukh"]
[Result "0-1"]
[WhiteTitle "IM"]
[BlackTitle "GM"]
[WhiteElo "2311"]
[BlackElo "2590"]
[WhiteTeam "Malaysia"]
[BlackTeam "Tajikistan"]
[WhiteFideId "5700590"]
[BlackFideId "14700077"]
[EventDate "2014.08.02"]

1. e4 c5 2. c3 d5 3. exd5 Qxd5 4. d4 Nc6 5. Nf3 Bf5 6. Be3 Nf6 7. Na3 e6 8. Bc4
Qe4 9. Nb5 Rc8 10. Qa4 Nd7 11. Be2 a6 12. Na3 cxd4 13. Nxd4 Nxd4 14. Bxd4 Qxg2
15. O-O-O Qc6 16. Qxc6 Rxc6 17. Nc4 f6 18. Na5 Rc7 19. Bf3 b6 20. Nc6 Be7 21.
Rhe1 Kf7 22. Be3 Rhc8 23. Nd4 Bh3 24. Bf4 e5 25. Bd5+ Ke8 26. Re3 Bg4 27. Rde1
Nc5 28. Rg3 h5 29. Bxe5 fxe5 30. Rxe5 Kf8 31. b4 Bf6 0-1

[Event "Olimpiade 2014 - Open"]
[Site "Tromsø"]
[Date "11.08.2014"]
[Round "9.26"]
[Board "2"]
[White "Khusenkhojaev, Muhammad"]
[Black "Teh, Eu Wen Aron"]
[Result "1-0"]
[WhiteTitle "IM"]
[WhiteElo "2410"]
[BlackElo "2309"]
[WhiteTeam "Tajikistan"]
[BlackTeam "Malaysia"]
[WhiteFideId "14700247"]
[BlackFideId "5704723"]
[EventDate "2014.08.02"]

1. Nf3 Nf6 2. c4 e6 3. Nc3 d5 4. d4 Bb4 5. cxd5 exd5 6. Bg5 h6 7. Bxf6 Qxf6 8.
Qb3 Bxc3+ 9. bxc3 Qd6 10. e3 O-O 11. c4 dxc4 12. Bxc4 Nc6 13. Qc3 Bg4 14. Nd2
Ne7 15. O-O c6 16. f3 Bc8 17. e4 Be6 18. Rab1 Bxc4 19. Nxc4 Qc7 20. Rfd1 Rab8
21. Ne5 Rfd8 22. f4 Nc8 23. d5 Nd6 24. dxc6 Nxe4 25. Qb4 Rxd1+ 26. Rxd1 Nf6 27.
Nd7 Nxd7 28. cxd7 Rd8 29. Qe7 Qb6+ 30. Kh1 Qf6 31. Qe8+ Kh7 32. Qe4+ Qg6 33.
Qxb7 Qc2 34. Qd5 a5 35. h3 a4 36. Rd4 Kg8 37. Qa5 Rxd7 38. Qa8+ 1-0

[Event "Olimpiade 2014 - Open"]
[Site "Tromsø"]
[Date "11.08.2014"]
[Round "9.26"]
[Board "3"]
[White "Fong, Yit San"]
[Black "Isaev, Jamshed"]
[Result "1-0"]
[BlackTitle "IM"]
[WhiteElo "2143"]
[BlackElo "2337"]
[WhiteTeam "Malaysia"]
[BlackTeam "Tajikistan"]
[WhiteFideId "5702640"]
[BlackFideId "14700050"]
[EventDate "2014.08.02"]

1. e4 c5 2. Nf3 Nc6 3. d4 cxd4 4. Nxd4 Nf6 5. Nc3 e5 6. Ndb5 d6 7. Bg5 a6 8. Na3
b5 9. Nd5 Be7 10. Bxf6 Bxf6 11. c4 b4 12. Nc2 a5 13. g3 O-O 14. Bg2 Rb8 15. b3
g6 16. Qd3 Bg7 17. O-O Kh8 18. Rad1 f5 19. exf5 Bxf5 20. Be4 Qd7 21. Nde3 Rbd8
22. Rd2 Nd4 23. Nxd4 Bxe4 24. Qxe4 exd4 25. Nd5 Rde8 26. Qb1 Qg4 27. Qd1 Qh3 28.
Re1 Re5 29. f4 Ree8 30. Rde2 Rxe2 31. Qxe2 Qf5 32. Qe4 Qd7 33. Kg2 Qf7 34. Qe6
Qa7 35. Qe7 Qc5 36. Nc7 Qc6+ 37. Kh3 Rg8 38. Ne6 Qc8 39. Kg2 Qa8+ 40. Kf2 d5 41.
Nxg7 Rxg7 42. Qe8+ Rg8 43. Qe5+ Rg7 44. Qxd4 dxc4 45. Re7 Qf8 46. Rd7 1-0

[Event "Olimpiade 2014 - Open"]
[Site "Tromsø"]
[Date "11.08.2014"]
[Round "9.26"]
[Board "4"]
[White "Khamdamov, Suhrob"]
[Black "Nayan, Ahmad Fadzil"]
[Result "0-1"]
[WhiteTitle "IM"]
[WhiteElo "2301"]
[BlackElo "2121"]
[WhiteTeam "Tajikistan"]
[BlackTeam "Malaysia"]
[WhiteFideId "14700042"]
[BlackFideId "5702615"]
[EventDate "2014.08.02"]

1. e4 c5 2. c3 d5 3. exd5 Qxd5 4. d4 Nc6 5. Nf3 Bf5 6. Be2 cxd4 7. cxd4 Bxb1 8.
Rxb1 e6 9. O-O Bd6 10. b4 Nf6 11. b5 Ne7 12. Ng5 h6 13. Bf3 Qf5 14. Nxf7 Kxf7
15. Rb3 Ned5 16. Re1 Rhe8 17. g4 Qg6 18. h4 Rac8 19. g5 hxg5 20. hxg5 Nf4 21.
Bxf4 Bxf4 22. Bxb7 Qxg5+ 23. Kf1 Rc1 24. Qe2 Ng4 25. Bg2 Nh2+ 26. Kg1 Rxe1+ 27.
Qxe1 Rc8 28. Rc3 Bd2 29. Qxd2 Qxd2 30. Rxc8 Ng4 31. Rc7+ Kf6 0-1

[Event "Olimpiade 2014 - Open"]
[Site "Tromsø"]
[Date "11.08.2014"]
[Round "9.27"]
[Board "2"]
[White "Stojanovic, Dalibor"]
[Black "Berend, Elvira"]
[Result "1/2-1/2"]
[WhiteTitle "GM"]
[BlackTitle "WGM"]
[WhiteElo "2503"]
[BlackElo "2330"]
[WhiteTeam "Bosnia & Herzegovina"]
[BlackTeam "Luxembourg"]
[WhiteFideId "922692"]
[BlackFideId "4000510"]
[EventDate "2014.08.02"]

1. e4 e5 2. Nf3 Nc6 3. Bb5 Nf6 4. d3 Bc5 5. Bxc6 dxc6 6. h3 O-O 7. Nbd2 Nd7 8.
Nc4 f6 9. Be3 a5 10. O-O Re8 11. Qe1 b6 12. Nfd2 Bf8 13. a4 Nc5 14. f4 exf4 15.
Rxf4 Ne6 16. Rf2 Nd4 17. Nf3 c5 18. Qc3 Nc6 19. Raf1 Bd6 20. Nfd2 Bf8 21. Nf3
Bd6 22. g4 Be6 23. Rg2 Qd7 24. b3 Rad8 25. Nh4 Be5 26. Nxe5 Nxe5 27. Nf5 Bxf5
28. Rxf5 Ng6 29. Bf2 Ne7 30. Rf3 Nc6 31. g5 fxg5 32. Rxg5 Nd4 33. Qc4+ Qe6 34.
Bxd4 Rxd4 35. Qxe6+ Rxe6 36. Rgf5 h6 37. Rf7 Rc6 38. Re7 Rdd6 39. Rff7 Rg6+ 40.
Kf2 Rg5 41. Rxc7 Rcg6 42. Ke3 Rg2 43. c3 Rc2 44. e5 Rxc3 45. Rfd7 Rxb3 46. Rd8+
Kh7 47. Rd6 Rg3+ 48. Ke4 Rb4+ 49. Kd5 Rxd3+ 50. Kc6 Rxh3 51. e6 Re3 52. e7 Rbe4
53. Rdd7 Kg6 54. Kxb6 Kf6 55. Rc6+ Kf7 56. e8=Q+ Kxe8 57. Rxg7 Re6 58. Rxe6+
Rxe6+ 59. Kxa5 Kd8 60. Kb5 Kc8 1/2-1/2

[Event "Olimpiade 2014 - Open"]
[Site "Tromsø"]
[Date "11.08.2014"]
[Round "9.27"]
[Board "3"]
[White "Jeitz, Christian"]
[Black "Kadric, Denis"]
[Result "1-0"]
[BlackTitle "IM"]
[WhiteElo "2189"]
[BlackElo "2473"]
[WhiteTeam "Luxembourg"]
[BlackTeam "Bosnia & Herzegovina"]
[WhiteFideId "4000803"]
[BlackFideId "14403803"]
[EventDate "2014.08.02"]

1. e4 d6 2. d4 Nf6 3. Nc3 e5 4. Nf3 Nbd7 5. Bc4 Be7 6. O-O O-O 7. Re1 a6 8. a4
b6 9. b3 c6 10. Bd3 Bb7 11. Bb2 Re8 12. Ne2 Bf8 13. Ng3 exd4 14. Nxd4 Nc5 15. f3
d5 16. e5 Nfd7 17. f4 Nxd3 18. Qxd3 Nc5 19. Qf3 Qc7 20. Ndf5 Qd7 21. Ne3 Ne6 22.
f5 Nc7 23. Nh5 Kh8 24. Ng4 d4 25. Rad1 Qd5 26. Qh3 c5 27. Nhf6 gxf6 28. Nxf6
Qxg2+ 29. Qxg2 Bxg2 30. Nxe8 Rxe8 31. Kxg2 Nd5 32. Bc1 Nb4 33. Re2 Bg7 34. e6
Nd5 35. Bd2 f6 36. Kf3 Bf8 37. Ke4 Rd8 38. Rg2 Ne7 39. Rdg1 b5 40. axb5 axb5 41.
Rg3 Ra8 42. Bf4 1-0

[Event "Olimpiade 2014 - Open"]
[Site "Tromsø"]
[Date "11.08.2014"]
[Round "9.27"]
[Board "4"]
[White "Marjanovic, Dejan"]
[Black "Gengler, Pierre"]
[Result "1-0"]
[WhiteTitle "FM"]
[WhiteElo "2373"]
[BlackElo "2173"]
[WhiteTeam "Bosnia & Herzegovina"]
[BlackTeam "Luxembourg"]
[WhiteFideId "14402661"]
[BlackFideId "4000714"]
[EventDate "2014.08.02"]

1. e4 c5 2. Nf3 Nc6 3. d4 cxd4 4. Nxd4 Nf6 5. Nc3 e5 6. Ndb5 d6 7. Bg5 a6 8. Na3
b5 9. Nd5 Be7 10. Bxf6 Bxf6 11. c4 b4 12. Nc2 O-O 13. Qf3 Be6 14. Nxf6+ Qxf6 15.
Qxf6 gxf6 16. Bd3 Rfb8 17. b3 a5 18. Kd2 a4 19. g3 Na5 20. Rhb1 Nb7 21. Nxb4 Nc5
22. Nc2 axb3 23. axb3 Rxa1 24. Nxa1 Ra8 25. Nc2 Ra2 26. Kc3 Nxd3 27. Kxd3 f5 28.
f3 fxe4+ 29. fxe4 f5 30. Ne3 fxe4+ 31. Kxe4 Kf8 32. h4 Ke7 33. Rd1 Rb2 34. Rd3
Bc8 35. Nd5+ Ke8 36. c5 Bb7 37. cxd6 Re2+ 38. Kf5 e4 39. Re3 Rd2 40. Nf6+ Kf7
41. Nxh7 Rd5+ 42. Kxe4 Kg7 43. Kf4 Rd4+ 44. Kf5 Rd5+ 45. Ke6 Kxh7 46. Rc3 Kg6
47. Rc7 Ba8 48. d7 Rd3 49. Rc8 Re3+ 50. Kd6 Rd3+ 51. Kc7 1-0

[Event "Olimpiade 2014 - Open"]
[Site "Tromsø"]
[Date "11.08.2014"]
[Round "9.28"]
[Board "3"]
[White "Brunello, Sabino"]
[Black "Halkias, Stelios"]
[Result "1/2-1/2"]
[WhiteTitle "GM"]
[BlackTitle "GM"]
[WhiteElo "2560"]
[BlackElo "2544"]
[WhiteTeam "Italy"]
[BlackTeam "Greece"]
[WhiteFideId "813613"]
[BlackFideId "4201809"]
[EventDate "2014.08.02"]

1. d4 Nf6 2. c4 e6 3. Nc3 Bb4 4. e3 O-O 5. Ne2 c6 6. a3 Ba5 7. Qc2 d5 8. Ng3
Nbd7 9. Be2 Bc7 10. O-O dxc4 11. Bxc4 e5 12. Rd1 exd4 13. exd4 Nb6 14. Ba2 Nfd5
15. Nce4 h6 16. Nc5 Qh4 17. b4 Nf6 18. h3 Nbd5 19. Qd3 Re8 20. Bd2 b6 21. Na4
Be6 22. Bb1 Rad8 23. Nc3 Nxc3 24. Bxc3 Bd5 25. Ba2 Bxg3 26. fxg3 Qe4 27. Bxd5
Nxd5 28. Qxe4 Rxe4 29. Be1 f5 30. Rdc1 Rd6 31. Bf2 Kf7 32. Rc4 Ke8 33. a4 Kd7
34. b5 Re8 35. Rac1 Rc8 36. a5 bxa5 37. Rc5 a4 38. Ra1 Nb6 39. Rxf5 Rf6 40.
bxc6+ Kxc6 41. Ra5 Kb7 42. d5 Rc4 43. g4 Rd6 44. Rb1 Rc3 45. Rxa4 Rxd5 46. Rab4
Rcd3 47. Kh2 Rd1 48. Rxd1 Rxd1 49. Bd4 g5 50. Bg7 Rd6 51. Re4 Nd5 52. Re8 Rg6
53. Be5 a5 54. Kg3 Nb6 55. h4 gxh4+ 56. Kxh4 a4 57. Kh5 Rg5+ 58. Kxh6 Rxg4 59.
Re7+ Kc6 60. Rg7 Re4 61. Rg6+ Kb5 62. Bd6 Nc4 63. Rg5+ Kc6 64. Bf8 Ne5 65. Kg7
Rg4 66. Rxg4 Nxg4 67. Kg6 Kd5 68. Kg5 Ne5 69. Kf5 Nc4 70. g4 Ne3+ 1/2-1/2

[Event "Olimpiade 2014 - Open"]
[Site "Tromsø"]
[Date "11.08.2014"]
[Round "9.29"]
[Board "1"]
[White "Cuartas, Jaime Alexander"]
[Black "Solomon, Kenny"]
[Result "1/2-1/2"]
[WhiteTitle "GM"]
[BlackTitle "IM"]
[WhiteElo "2489"]
[BlackElo "2378"]
[WhiteTeam "Colombia"]
[BlackTeam "South Africa"]
[WhiteFideId "4401190"]
[BlackFideId "14300192"]
[EventDate "2014.08.02"]

1. e4 e5 2. Nf3 Nc6 3. Bb5 a6 4. Bxc6 dxc6 5. d4 exd4 6. Qxd4 Qxd4 7. Nxd4 Bd7
8. Nc3 O-O-O 9. Be3 f6 10. O-O-O Ne7 11. h4 h5 12. f3 Ng6 13. Nde2 Bd6 14. Na4
Be6 15. b3 Ba3+ 16. Kb1 Rxd1+ 17. Rxd1 Nxh4 18. Bc5 Bxc5 19. Nxc5 Bf7 20. Rg1
Re8 21. Nd3 b6 22. Rh1 g5 23. Ne1 Nf5 24. Kc1 Nd6 25. Nd3 c5 26. Nf2 a5 27. Ng3
h4 28. Nf1 f5 29. exf5 Re2 30. Nh3 Nxf5 31. Nxg5 Bg6 32. Nd2 Rxg2 33. Ne6 Bf7
34. Nf4 Rg8 35. Kb2 Re8 36. Ne4 c4 37. Ng5 Bg8 38. Rh2 Re3 39. c3 cxb3 40. axb3
b5 41. Rg2 b4 42. Ne4 Bf7 43. Rf2 bxc3+ 44. Nxc3 Nd4 45. Rh2 Rxf3 46. Rxh4 Nxb3
47. Ne4 Nd4 48. Nc5 c6 49. Nfd3 Ne6 50. Nxe6 Bxe6 51. Nc5 Bd5 52. Rh7 Bf7 53.
Ne4 Bd5 54. Nc5 Rf2+ 55. Kc3 Rf4 56. Kb2 Rf2+ 57. Kc3 Rf4 58. Kb2 Bf7 59. Rg7
Bd5 60. Rh7 Rb4+ 61. Ka3 Rc4 62. Nb7 Rc3+ 63. Ka4 Rc1 64. Nd6+ Kd8 65. Kxa5 Rb1
66. Rb7 Ra1+ 67. Kb6 Rb1+ 68. Kc5 Rxb7 69. Nxb7+ Kc7 70. Na5 Bh1 71. Nxc6 Bxc6 1/2-1/2

[Event "Olimpiade 2014 - Open"]
[Site "Tromsø"]
[Date "11.08.2014"]
[Round "9.29"]
[Board "2"]
[White "Steel, Henry Robert"]
[Black "Rios, Cristhian Camilo"]
[Result "1-0"]
[WhiteTitle "IM"]
[BlackTitle "IM"]
[WhiteElo "2399"]
[BlackElo "2427"]
[WhiteTeam "South Africa"]
[BlackTeam "Colombia"]
[WhiteFideId "14300567"]
[BlackFideId "4403940"]
[EventDate "2014.08.02"]

1. e4 c5 2. Nf3 e6 3. d4 cxd4 4. Nxd4 Nf6 5. Nc3 d6 6. Be2 Nc6 7. O-O Be7 8. Be3
O-O 9. f4 Bd7 10. Nb3 a5 11. a4 Nb4 12. Bf3 e5 13. Rf2 Be6 14. Rd2 Qc8 15. Nd5
Bxd5 16. exd5 e4 17. Be2 Bd8 18. c3 Na6 19. g4 h6 20. Kh1 Nc7 21. c4 Nd7 22. Qg1
Na6 23. Nd4 Nac5 24. Rf1 Nd3 25. Qg2 N7c5 26. Nf5 Qd7 27. Bxd3 exd3 28. Bxc5
dxc5 29. b3 Re8 30. Rxd3 Bf6 31. Qh3 Rad8 32. Rg3 Re4 33. g5 hxg5 34. fxg5 Be5
35. g6 fxg6 36. Rxg6 Re2 37. Rg2 Rxg2 38. Qxg2 Re8 39. Qg4 Qc7 40. Qg6 Qd7 41.
Nh6+ Kh8 42. Nf7+ Kg8 43. Ng5 1-0

[Event "Olimpiade 2014 - Open"]
[Site "Tromsø"]
[Date "11.08.2014"]
[Round "9.29"]
[Board "3"]
[White "Ruiz C, Joshua D"]
[Black "Kobese, Watu"]
[Result "1-0"]
[WhiteTitle "IM"]
[BlackTitle "IM"]
[WhiteElo "2382"]
[BlackElo "2333"]
[WhiteTeam "Colombia"]
[BlackTeam "South Africa"]
[WhiteFideId "4400704"]
[BlackFideId "14300141"]
[EventDate "2014.08.02"]

1. e4 e5 2. Nf3 Nc6 3. d4 exd4 4. Nxd4 Nf6 5. Nxc6 bxc6 6. Qe2 a5 7. e5 Nd5 8.
c4 Bb4+ 9. Nd2 Nf4 10. Qg4 Ng6 11. f4 d5 12. Qf3 Rb8 13. a3 Bc5 14. Nb3 Bg4 15.
Qxg4 Rxb3 16. g3 O-O 17. Qd1 a4 18. Bd3 Qd7 19. Bc2 Qh3 20. Bxb3 axb3 21. Qe2 f6
22. cxd5 cxd5 23. Rf1 fxe5 24. Rf3 exf4 25. Bxf4 Nxf4 26. Rxf4 Rxf4 27. gxf4
Qh4+ 28. Kd2 h6 29. Kc3 Qh3+ 30. Qd3 d4+ 31. Kc4 Qg2 1-0

[Event "Olimpiade 2014 - Open"]
[Site "Tromsø"]
[Date "11.08.2014"]
[Round "9.29"]
[Board "4"]
[White "Van den Heever, Donovan"]
[Black "Martinez Romero, Martin"]
[Result "0-1"]
[WhiteTitle "FM"]
[BlackTitle "IM"]
[WhiteElo "2289"]
[BlackElo "2387"]
[WhiteTeam "South Africa"]
[BlackTeam "Colombia"]
[WhiteFideId "14300494"]
[BlackFideId "4404025"]
[EventDate "2014.08.02"]

1. e4 c5 2. Nf3 d6 3. Bb5+ Bd7 4. Bxd7+ Qxd7 5. O-O Nc6 6. b3 Nf6 7. Qe2 g6 8.
Bb2 Bg7 9. d4 cxd4 10. Nxd4 O-O 11. c4 a6 12. Nxc6 Qxc6 13. Nc3 e6 14. Rfe1 Rfd8
15. Rac1 Rac8 16. h3 Nd7 17. Nd1 Bxb2 18. Qxb2 Ne5 19. Rc3 b5 20. f4 Nd7 21. Nf2
Qb6 22. Rec1 bxc4 23. Rxc4 Rxc4 24. Rxc4 Nc5 25. Qd4 Rb8 26. e5 Nd7 27. exd6
Qxd4 28. Rxd4 Nf6 29. Nd3 Nd5 30. Nc5 a5 31. d7 Rd8 32. g4 Kf8 33. f5 gxf5 34.
gxf5 Ke7 35. fxe6 fxe6 36. Re4 Nc7 37. Rg4 Kf6 38. h4 Nd5 39. Re4 e5 40. Ra4 Nb6
41. Rxa5 Nxd7 42. Nxd7+ Rxd7 43. a4 Kf5 44. Rb5 Kf4 45. a5 Rd1+ 46. Kf2 Ra1 47.
Rb4+ e4 48. Ra4 Rb1 49. a6 Rb2+ 50. Ke1 Ke3 51. Kd1 Kd3 52. Kc1 Rc2+ 53. Kb1 Rc8
54. a7 Ra8 55. Kb2 e3 56. b4 e2 57. Ra1 Rxa7 0-1

[Event "Olimpiade 2014 - Open"]
[Site "Tromsø"]
[Date "11.08.2014"]
[Round "9.30"]
[Board "1"]
[White "Ghaem Maghami, Ehsan"]
[Black "Baburin, Alexander"]
[Result "1/2-1/2"]
[WhiteTitle "GM"]
[BlackTitle "GM"]
[WhiteElo "2594"]
[BlackElo "2502"]
[WhiteTeam "Iran"]
[BlackTeam "Ireland"]
[WhiteFideId "12500739"]
[BlackFideId "2500914"]
[EventDate "2014.08.02"]

1. c4 e6 2. Nc3 d5 3. d4 c6 4. e3 Nf6 5. Qc2 Nbd7 6. Bd2 b6 7. cxd5 exd5 8. Nf3
Bb7 9. O-O-O Be7 10. Bd3 c5 11. Ne5 O-O 12. f4 cxd4 13. exd4 Bb4 14. Kb1 a6 15.
Rhe1 Bxc3 16. Bxc3 Ne4 17. Bxe4 dxe4 18. d5 Nxe5 19. fxe5 Bxd5 20. Rd4 Ra7 21.
Red1 Rd7 22. Qd2 e3 23. Qxe3 Qa8 24. Ka1 Rfd8 25. Qg3 Qc6 26. Rg4 g6 27. Qh4 Be6
28. Qxd8+ Rxd8 29. Rxd8+ Kg7 30. Rg3 h6 31. Rd4 1/2-1/2

[Event "Olimpiade 2014 - Open"]
[Site "Tromsø"]
[Date "11.08.2014"]
[Round "9.30"]
[Board "2"]
[White "Astaneh Lopez, Alex"]
[Black "Moradiabadi, Elshan"]
[Result "0-1"]
[WhiteTitle "IM"]
[BlackTitle "GM"]
[WhiteElo "2419"]
[BlackElo "2598"]
[WhiteTeam "Ireland"]
[BlackTeam "Iran"]
[WhiteFideId "2501430"]
[BlackFideId "12501255"]
[EventDate "2014.08.02"]

1. d4 e6 2. e4 d5 3. Nd2 c5 4. exd5 Qxd5 5. Ngf3 cxd4 6. Bc4 Qd6 7. O-O Nf6 8.
Nb3 Nc6 9. Nbxd4 Nxd4 10. Qxd4 Qxd4 11. Nxd4 Bd7 12. Be2 Bc5 13. Nb3 Bb6 14. a4
a6 15. Bf3 O-O-O 16. a5 Ba7 17. Bf4 Bb5 18. c4 Bc6 19. Bxc6 bxc6 20. Ra4 Rd3 21.
Nc1 Rd7 22. c5 Bxc5 23. Rc4 Ba7 24. Nb3 Kb7 25. Be3 Rc8 26. Rfc1 Rcd8 27. Kf1
Rd1+ 28. Rxd1 Rxd1+ 29. Ke2 Rb1 30. Bc1 Nd5 31. Kd3 Bxf2 32. Kc2 Rxc1+ 33. Kxc1
e5 34. Kd2 Kc7 35. Nc5 Bxc5 36. Rxc5 f5 37. g3 e4 38. Rc4 Kd6 39. g4 g6 40. gxf5
gxf5 41. Rc1 c5 42. h4 Nb4 43. h5 f4 44. h6 Kd5 45. b3 Nc6 46. Rg1 e3+ 47. Ke1
f3 48. Rg7 Ne5 49. Kd1 Nd3 50. Rd7+ Ke4 51. Re7+ Kd4 52. Kc2 f2 0-1

[Event "Olimpiade 2014 - Open"]
[Site "Tromsø"]
[Date "11.08.2014"]
[Round "9.30"]
[Board "3"]
[White "Idani, Pouya"]
[Black "Heidenfeld, Mark"]
[Result "1-0"]
[WhiteTitle "IM"]
[BlackTitle "IM"]
[WhiteElo "2499"]
[BlackElo "2382"]
[WhiteTeam "Iran"]
[BlackTeam "Ireland"]
[WhiteFideId "12510130"]
[BlackFideId "2500990"]
[EventDate "2014.08.02"]

1. e4 e6 2. d4 d5 3. Nd2 dxe4 4. Nxe4 Nd7 5. Nf3 Ngf6 6. Bd3 c5 7. O-O a6 8. Qe2
cxd4 9. Rd1 Qc7 10. Nxf6+ Nxf6 11. Nxd4 Bd6 12. h3 O-O 13. Bg5 Bh2+ 14. Kh1 Be5
15. c3 h6 16. Nf3 Bf4 17. Bxf6 gxf6 18. Bc2 f5 19. g3 Bg5 20. Nxg5 hxg5 21. Qd2
Qe7 22. f4 b5 23. Kh2 Bb7 24. Qd7 Qxd7 25. Rxd7 Bc8 26. Rc7 gxf4 27. gxf4 Rb8
28. Rg1+ Kh8 29. Rd1 Kg7 30. Rd6 Kf6 31. Bd3 Bb7 32. Rdd7 Ba8 33. Be2 Kg6 34.
Kg3 Rbd8 35. Kf2 Rxd7 36. Rxd7 Bd5 37. a3 Rh8 38. Bf1 Bc4 39. Bg2 a5 40. Kg3 Be2
41. Kf2 Bc4 42. Kg3 Be2 43. b3 Rc8 44. Kf2 Rxc3 45. Kxe2 Rxb3 46. Rd3 Rb2+ 47.
Kf3 b4 48. axb4 Rxb4 49. Kg3 a4 50. Bf3 Rb6 51. Ra3 Ra6 52. Bd1 f6 53. Bxa4 Kh6
54. Kf3 e5 55. Ke3 Ra8 56. Ra2 Ra7 57. h4 Ra8 58. Ra1 Ra7 59. Kd3 Ra8 60. Ra3
Rg8 61. Ke2 Rg4 62. fxe5 fxe5 63. Bc2 Rxh4 64. Bxf5 Kg5 65. Be6 Kf4 66. Rf3+ Ke4
67. Bf5+ Kd5 68. Rd3+ Rd4 69. Ra3 Rf4 70. Bc2 e4 71. Ra5+ Kd4 72. Ra4+ Ke5 73.
Ra5+ Kd4 74. Bb3 Rf3 75. Rd5+ Kc3 76. Ba4 Rd3 77. Rh5 Kd4 78. Bc2 Rg3 79. Rh4
Rg2+ 80. Kd1 Rg1+ 81. Kd2 Rg2+ 82. Kc1 Kc3 83. Rh3+ Kd4 84. Ra3 Rg4 85. Kb2 Rh4
86. Ra4+ Ke3 87. Kc3 Kf3 88. Ra8 Ke3 89. Re8 Rg4 90. Kc4 Rh4 91. Kd5 Rh5+ 92.
Kd6 Rh6+ 93. Ke5 Rh4 94. Kf5 Rf4+ 95. Kg5 Kf3 96. Bd1+ Ke3 97. Bg4 Rf1 98. Bf5
Rg1+ 99. Kf6 Ra1 100. Rxe4+ Kf3 101. Rb4 Ra3 102. Kg5 Rc3 103. Rh4 Re3 104. Rf4+
Kg3 105. Be4 Kh3 106. Rh4+ Kg3 107. Rg4+ Kh3 108. Bg2+ Kh2 109. Kf4 Rb3 110. Bf3
Rb4+ 111. Be4 Rb8 112. Rg2+ Kh3 113. Rc2 Rb4 114. Rc1 Rb2 115. Rc7 1-0

[Event "Olimpiade 2014 - Open"]
[Site "Tromsø"]
[Date "11.08.2014"]
[Round "9.30"]
[Board "4"]
[White "Daly, Colm"]
[Black "Toufighi, Homayoon"]
[Result "1-0"]
[WhiteTitle "FM"]
[BlackTitle "GM"]
[WhiteElo "2323"]
[BlackElo "2424"]
[WhiteTeam "Ireland"]
[BlackTeam "Iran"]
[WhiteFideId "2500434"]
[BlackFideId "12503592"]
[EventDate "2014.08.02"]

1. d4 e6 2. e4 d5 3. Nc3 Nf6 4. e5 Nfd7 5. f4 c5 6. Nf3 Nc6 7. Be3 cxd4 8. Nxd4
Qb6 9. Qd2 Qxb2 10. Rb1 Qa3 11. Bb5 Nxd4 12. Bxd4 a6 13. Bxd7+ Bxd7 14. Rb3 Qe7
15. Rxb7 Qd8 16. Bb6 Qc8 17. Rc7 Qd8 18. Rb7 Qh4+ 19. Bf2 Qe7 20. Bd4 Rc8 21.
O-O Qa3 22. Rfb1 Bc5 23. Ne2 Bb5 24. Rb3 Bxd4+ 25. Nxd4 Qc5 26. Qb4 O-O 27. a4
Be8 28. a5 Qxb4 29. R3xb4 Rc5 30. Ra7 Bb5 31. h3 h6 32. Rb7 Ra8 33. Kf2 Be8 34.
Re7 Rac8 35. Rbb7 Rc4 36. Ke3 Rc3+ 37. Kf2 R3c4 38. Ke3 Rc3+ 39. Ke2 Kf8 40. f5
R8c4 41. f6 Rc8 42. Kf2 R3c4 43. Nxe6+ fxe6 44. Rxg7 Rf4+ 45. Kg1 Rf5 46. h4 Rf4
47. g3 Re4 48. Rh7 Rg4 49. f7 Bxf7 50. Rhxf7+ Kg8 51. Kg2 Rc3 52. Rf3 Rxc2+ 53.
Kh3 Re4 54. Rf6 Rxe5 55. Rg6+ Kf8 56. Rxh6 Kg8 57. Rhh7 Rc8 58. Rbg7+ Kf8 59.
Ra7 Kg8 60. Rhg7+ Kf8 61. Rgd7 Rf5 62. Rxa6 Re8 63. Raa7 Rf6 64. a6 e5 65. Rh7
Kg8 66. Rag7+ Kf8 67. a7 Ra6 68. Rb7 1-0